000 00370nam a2200145Ia 4500
005 20250603145416.0
008 250603s9999 xx 000 0 und d
245 0 _aNational Emergency Management Agency : 2009 annual report
260 _aAbuja
260 _bNational Emergency Management Agency
260 _c2010
300 _a108 p
650 _aAbuja
942 _cBK
999 _c41771
_d41771